| Tag |
First Indicator |
Second Indicator |
Subfields |
| LEADER |
00000cam a22000001i 4500 |
| 001 |
in00004108921 |
| 005 |
20200117084010.0 |
| 006 |
m d f |
| 007 |
cr bn mmmapmmp |
| 008 |
091130s1961 dcu o f000 0 eng d |
| 035 |
|
|
|a cis2007522465
|
| 040 |
|
|
|a UMI
|b eng
|e rda
|c UMI
|d UtOrBLW
|
| 110 |
1 |
|
|a United States.
|b Congress.
|b House.
|b Committee on Interior and Insular Affairs,
|e issuing body.
|0 http://id.loc.gov/authorities/names/n79071072
|
| 245 |
1 |
0 |
|a [To Convey Land to the Diocese of San Diego Education and Welfare Corporation].
|
| 264 |
|
1 |
|a [Washington :
|b U.S. G.P.O.],
|c 1961.
|
| 300 |
|
|
|a 17 pages, digital, PDF file.
|
| 336 |
|
|
|a text
|2 rdacontent
|b txt
|
| 337 |
|
|
|a computer
|b c
|2 rdamedia
|
| 338 |
|
|
|a online resource
|2 rdacarrier
|b cr
|
| 500 |
|
|
|a Record is based on bibliographic data in ProQuest Congressional Hearings Digital Collection(last viewed July 2018). Reuse except for individual research requires license from ProQuest, LLC.
|
| 538 |
|
|
|a System requirements: PDF reader software.
|
| 500 |
|
|
|a Electronic resource.
|
| 650 |
|
0 |
|a Indians of North America
|x Land tenure.
|0 http://id.loc.gov/authorities/subjects/sh85065310
|
| 650 |
|
0 |
|a Indians of North America
|x Education.
|0 http://id.loc.gov/authorities/subjects/sh85065252
|
| 651 |
|
0 |
|a San Diego County (Calif.)
|0 http://id.loc.gov/authorities/names/n79006415
|
| 710 |
1 |
|
|a United States.
|b Congress.
|b House.
|b Committee on Public Lands.
|b Subcommittee on Indian Affairs,
|e other agent associated with work.
|0 http://id.loc.gov/authorities/names/no90002730
|
| 776 |
0 |
8 |
|a United States. Congress. House. Committee on Interior and Insular Affairs.
|t [To Convey Land to the Diocese of San Diego Education and Welfare Corporation]
|o 87 HIni-T.42
|
| 730 |
0 |
|
|a ProQuest U.S. Congressional Hearings Digital Collection.
|
| 856 |
4 |
0 |
|u http://proxy.library.tamu.edu/login?url=http://congressional.proquest.com/congcomp/getdoc?HEARING-ID=HRG-1961-IIA-0195
|y Electronic resource (PDF)
|t 0
|
| 999 |
f |
f |
|s 94e50d99-9bdd-31e5-a311-3f3a9bdba6d6
|i a2af5b5c-3d7c-3f1c-bb4d-8a3f9d896f56
|t 0
|
| 952 |
f |
f |
|a Texas A&M University
|b College Station
|c Electronic Resources
|d Available Online
|t 0
|h No information provided
|
| 998 |
f |
f |
|t 0
|l Available Online
|